Tricky Demonyms - Statistics

General Stats
  • This quiz has been taken 201 times
    200 since last reset
  • The average score is 8 of 18
Answer Stats
Country/Territory Demonym % Correct
Netherlands Dutch/Netherlander
92%
Finland Finn
92%
Myanmar Burmese/Bamar
83%
Cyprus Cypriot
78%
Liechtenstein Liechtensteiner
52%
Nauru Nauruan
52%
Hong Kong Hongkonger/Hong Kongese
51%
Eswatini Swazi
51%
Madagascar Malagasy
46%
Seychelles Seychellois
38%
San Marino Sammarinese
35%
Saint Kitts and Nevis Kittitian/Nevisian
31%
Burkina Faso Burkinabè
28%
Lesotho Mosotho
15%
Vanuatu Ni-Vanuatu
14%
Suriname Surinamer
14%
Vatican City Vatican Citizen
7%
Saint Martin Saint-Martinoise
2%
No matching quizzes found
Score Distribution
Percent of People with Each Score
Percentile by Number Answered
Your Score History
You have not taken this quiz since the last reset